Senior workshop calculations. (Record no. 543954)
[ view plain ]
| 000 -LEADER | |
|---|---|
| fixed length control field | 00432cam a2200145u 4500 |
| 082 ## - DEWEY DECIMAL CLASSIFICATION NUMBER | |
| Classification number | 519.5 |
| Author Mark | CHA |
| -- | L-24,P-19 |
| 100 1# - MAIN ENTRY--PERSONAL NAME | |
| Personal name | Chapman, William Arthur James. [from old catalog] |
| 9 (RLIN) | 39459 |
| 245 10 - TITLE STATEMENT | |
| Title | Senior workshop calculations. |
| 260 ## - PUBLICATION, DISTRIBUTION, ETC. | |
| Place of publication, distribution, etc. | London, |
| Name of publisher, distributor, etc. | Arnold |
| Date of publication, distribution, etc. | [1954] |
| 300 ## - PHYSICAL DESCRIPTION | |
| Extent | 432 p. |
| Other physical details | illus. |
| Dimensions | 19 cm. |
| 526 ## - STUDY PROGRAM INFORMATION NOTE | |
| Program name | 0 |
| Interest level | 0 |
| Reading level | 0 |
| Title point value | 519_500000000000000_CHA |
| 650 #0 - SUBJECT ADDED ENTRY--TOPICAL TERM | |
| Topical term or geographic name entry element | MCE |
| 9 (RLIN) | 379 |
| 650 #0 - SUBJECT ADDED ENTRY--TOPICAL TERM | |
| Topical term or geographic name entry element | Shop mathematics. |
| 9 (RLIN) | 39025 |
| 942 ## - ADDED ENTRY ELEMENTS (KOHA) | |
| Source of classification or shelving scheme | |
| Koha item type | Book |
| Withdrawn status | Lost status | Source of classification or shelving scheme | Damaged status | Not for loan | Permanent Location | Current Location | Date acquired | Total Checkouts | Full call number | Barcode | Date last seen | Price effective from | Koha item type |
|---|---|---|---|---|---|---|---|---|---|---|---|---|---|
| Military College of Engineering (MCE) | Military College of Engineering (MCE) | 04/08/2014 | 519.5 CHA | MCE-40246 | 04/08/2014 | 04/08/2014 | Book |
